Edible Ad Slogans Quiz Stats

 Plays Quiz Updated Jan 29, 2019

Support Sporcle.
Go Orange.
Score 0/35 Timer 06:00
3 Plays Today
% Correct
Rice Krispies
91.5%
Papa John's
90%
Frosted Flakes
89.1%
Skittles
88.5%
Subway
87.5%
KFC
86.9%
Hershey's
86.7%
Lucky Charms
86.6%
Rockstar
84.5%
Budweiser
84.3%
Long John Silver's
83.7%
Red Bull
83%
M&M's
82.8%
Burger King
78.9%
Wheaties
78.8%
Sun Drop
77.1%
Pepsi Max
76.4%
Wendy's
75.2%
% Correct
Dos Equis
74.3%
Starburst
72%
Taco Bell
71.2%
Twix
70.3%
Captain Morgan
68.3%
Coors Light
68.2%
Quiznos
67%
Sunkist
64.4%
Hooters
61.6%
Maxwell House
61.5%
Miller Lite
60.5%
IHOP
60.2%
Nescafe
59.1%
Snickers
58.6%
York Peppermint Patty
57.4%
Golden Grahams
51.3%
Coca Cola
46%

You're not logged in!

Compare scores with friends on all Sporcle quizzes.
OR
Log In
Forgot?

From the Vault

Born in Ontario

by SporcleEXP

There's one born every minute.
Remove Ads.
Support Sporcle.
Get the best of Sporcle when you Go Orange. This ad-free experience offers more features, more stats, and more fun while also helping to support Sporcle. Thank you for becoming a member.

Show Comments

Extras

Top Quizzes Today


Score Distribution

Your Account Isn't Verified!

In order to create a playlist on Sporcle, you need to verify the email address you used during registration. Go to your Sporcle Settings to finish the process.

Report this User

Report this user for behavior that violates our Community Guidelines.

Details: